Normal view MARC view

Entry Personal Name

Number of records used in: 1

001 - CONTROL NUMBER

  • control field: 9989

003 - CONTROL NUMBER IDENTIFIER

  • control field: DLC

005 - DATE AND TIME OF LATEST TRANSACTION

  • control field: 20231204114406.0

008 - FIXED-LENGTH DATA ELEMENTS

  • fixed length control field: 141209n| azannaabn |a aaa c

010 ## - LIBRARY OF CONGRESS CONTROL NUMBER

  • LC control number: no2014162164

035 ## - SYSTEM CONTROL NUMBER

  • System control number: (OCoLC)oca10035218

040 ## - CATALOGING SOURCE

  • Original cataloging agency: NNC
  • Language of cataloging: eng
  • Description conventions: rda
  • Transcribing agency: NNC
  • Modifying agency: HkU

100 1# - HEADING--PERSONAL NAME

  • Personal name: Elam, J. Daniel

372 ## - FIELD OF ACTIVITY

  • Field of activity: Asian Americans--Study and teaching
  • Field of activity: Oriental literature--20th century--History and criticism
  • Field of activity: African literature--20th century--History and criticism
  • Field of activity: Postcolonialism
  • Field of activity: Intellectual history
  • Source of term: lcsh

373 ## - ASSOCIATED GROUP

  • Associated group: University of Hong Kong. Department of Comparative Literature
  • Source of term: naf

373 ## - ASSOCIATED GROUP

  • Associated group: Northwestern University (Evanston, Ill.). Asian American Studies Program
  • Source of term: naf

374 ## - OCCUPATION

  • Occupation: College teachers
  • Source of term: lcsh

375 ## - GENDER

  • Gender: male

377 ## - ASSOCIATED LANGUAGE

  • Language code: eng

378 ## - FULLER FORM OF PERSONAL NAME

  • Fuller form of personal name: James Daniel

400 1# - SEE FROM TRACING--PERSONAL NAME

  • Personal name: Elam, James Daniel

670 ## - SOURCE DATA FOUND

  • Source citation: Elam, J. Daniel. The anticolonial ethics of Lala Har Dayal's hints for self culture, 2013, via WWW, viewed Dec. 8, 2014:
  • Information found: PDF title page (J. Daniel Elam)

670 ## - SOURCE DATA FOUND

  • Source citation: OCLC, Dec. 8, 2014
  • Information found: (access points: Elam, J. Daniel, Elam, James Daniel; usages: J. Daniel Elam, James Daniel Elam)

670 ## - SOURCE DATA FOUND

  • Source citation: Daniel Elam CV, via WWW, viewed Dec. 8, 2014
  • Information found: (Daniel Elam, James Daniel Elam; Northwestern University, Asian American Studies, Lecturer/Visiting Assistant Professor)

670 ## - SOURCE DATA FOUND

  • Source citation: HKU Scholars hub, viewed December 02, 2020:
  • Information found: researchers (Elam, James Daniel; assistant professor, School of Humanities (Comparative Literature; Ph.D., Northwestern University, 2015)
  • Uniform Resource Identifier: http://hub.hku.hk/cris/rp/rp02607

670 ## - SOURCE DATA FOUND

  • Source citation: Department of Comparative Literature, University of Hong Kong website, viewed December 02, 2020:
  • Information found: people (Daniel Elam; specialises in transnational Asian and African literatures in the twentieth century, modernism, postcolonial theory, and global intellectual history)
  • Uniform Resource Identifier: https://www.complit.hku.hk/index.php/faculty/daniel-elam/

Powered by Koha